000
00482nam a2200145Ia 4500
008
090123s9999 xx 000 0 und d
082
_b
25656
245
_a
ट्रीपल टी-तौसी -2नी तुफान
250
_a
0
260
_b
तुलसी कॉमिक्स
300
_a
77
630
_a
ट्रीपल टी-तौसी -2नी तुफान
730
_a
ट्रीपल टी-तौसी -2नी तुफान
942
_c
BOOK
999
_c
63727
_d
63727